The level of awareness and usage of information technology in the Malaysian army /
Saved in:
| Main Author: | |
|---|---|
| Format: | Thesis Book |
| Language: | English |
| Published: |
2000.
|
| Subjects: | |
| Tags: |
Add Tag
No Tags, Be the first to tag this record!
|
| LEADER | 01207cam a2200289 a 4500 | ||
|---|---|---|---|
| 001 | u501664 | ||
| 003 | SIRSI | ||
| 008 | 980925s2000 my a t 00 0 eng m | ||
| 035 | |a ACU-9078 | ||
| 040 | |a UMK |d UMM | ||
| 043 | |a a-my--- | ||
| 090 | |a HD31 |b UM 2000 Ind | ||
| 098 | |a HD31 |b UM 2000 Ind | ||
| 100 | 0 | 0 | |a Inderjit Singh Bachan Singh. |
| 245 | 1 | 4 | |a The level of awareness and usage of information technology in the Malaysian army / |c Inderjit Singh s/o Bachan Singh. |
| 260 | |c 2000. | ||
| 300 | |a ix, 72, [12] leaves : |b ill. ; |c 30 cm. | ||
| 502 | |a Dissertation (M.Mgmt.) -- Fakulti Perniagaan dan Perakaunan, Universiti Malaya, 2001. | ||
| 504 | |a Bibliography: leaves [71-72]. | ||
| 610 | 2 | 0 | |a Malaysia. |b Angkatan Tentera |x Technological innovations |
| 650 | 0 | |a Information technology |x Military aspects |z Malaysia. | |
| 651 | 0 | |a Malaysia |x Armed Forces |x Technological innovations | |
| 710 | 2 | 0 | |a Universiti Malaya. |b Fakulti Perniagaan dan Perakaunan. |
| 948 | |a 28/06/2002 |b 20/08/2004 | ||
| 596 | |a 1 19 | ||
| 999 | |a HD31 UM 2000 IND |w LC |c 1 |i A510951554 |d 5/3/2019 |e 5/3/2019 |l STACKS |m P01UTAMA |n 4 |r Y |s Y |t TESIS |u 24/8/2004 | ||
| 999 | |a HD31 UM 2000 IND |w LC |c 1 |i A511168533 |l STACKS |m P19KOTA |r Y |s Y |t TESIS |u 13/4/2004 | ||
